Invitacin̤ al razonamiento jurd̕ico realista

Detalles Bibliográficos
Autor principal: Haba, Enrique Pedro
Formato: eBook
Lenguaje:español
Publicado: Lima: Palestra Editores, 2018
Materias:
Acceso en línea:Acceso restringido

MARC

LEADER 00000nam a22000007a 4500
005 20190819232459.0
007 cr|||| ||||
008 190819s2018 pe |||||s|||| 00||0 spa d
035 |a 24130 
040 |a vLex 
090 |c 9244  |d 9244 
100 1 |a Haba, Enrique Pedro 
245 1 0 |a Invitacin̤ al razonamiento jurd̕ico realista  |h [Recurso electrn̤ico] /  |c Enrique Pedro Haba 
256 |a Servicio en ln̕ea 
260 |a Lima:  |b Palestra Editores,  |c 2018 
300 |a 1 recurso electrn̤ico 
506 1 |a Disponible solo en los productos indicados  |d vLex Global  |d vLex Global (Academic Edition, excluding Law Schools)  |d vLex Global (U.S. Academic Edition, Law Schools)  |d vLex Global (U.S. Academic Edition, excluding Law Schools)  |d vLex Global (Academic Edition, Law Schools) 
650 0 4 |a Derecho Constitucional  |z Per︢ 
740 0 |a vLex Libros (Servicio en ln̕ea) 
856 4 0 |u http://vlex.com/source/invitacion-razonamiento-juridico-realista-24130  |z Acceso restringido 
942 |c BOOK 
999 0 |a Constitutional right